<?xml version="1.0" encoding="UTF-8"?>
<record
    xmlns:xsi="http://www.w3.org/2001/XMLSchema-instance"
    xsi:schemaLocation="http://www.loc.gov/MARC21/slim http://www.loc.gov/standards/marcxml/schema/MARC21slim.xsd"
    xmlns="http://www.loc.gov/MARC21/slim">

  <leader>00978cam a2200253 i 4500</leader>
  <datafield tag="999" ind1=" " ind2=" ">
    <subfield code="c">7178</subfield>
    <subfield code="d">7178</subfield>
  </datafield>
  <datafield tag="020" ind1=" " ind2=" ">
    <subfield code="a">9789869858946</subfield>
    <subfield code="c">NT$360</subfield>
  </datafield>
  <datafield tag="100" ind1="1" ind2=" ">
    <subfield code="a">&#x99F1;&#x90C1;&#x82AC;</subfield>
  </datafield>
  <datafield tag="245" ind1="1" ind2="0">
    <subfield code="a">&#x7238;&#x5ABD;&#x4E0D;&#x7528;&#x5FCD;&#x7684;&#x6B63;&#x5411;&#x6559;&#x990A; :</subfield>
    <subfield code="b">&#x6539;&#x6389;&#x9802;&#x5634;&#x3001;&#x52D5;&#x4F5C;&#x6162;&#x3001;&#x4F9D;&#x8CF4;&#x3001;&#x884C;&#x70BA;&#x9000;&#x5316;&#x3001;&#x7F3A;&#x4E4F;&#x6210;&#x5C31;&#x52D5;&#x6A5F;......&#x7684;&#x514D;&#x7206;&#x6C23;&#x89AA;&#x5B50;&#x5C0D;&#x8A71;&#x7BC4;&#x672C; /</subfield>
    <subfield code="c">&#x99F1;&#x90C1;&#x82AC;&#x8457;</subfield>
  </datafield>
  <datafield tag="250" ind1=" " ind2=" ">
    <subfield code="a">&#x521D;&#x7248;</subfield>
  </datafield>
  <datafield tag="260" ind1=" " ind2=" ">
    <subfield code="a">&#x81FA;&#x5317;&#x5E02; :</subfield>
    <subfield code="b">&#x4EFB;&#x6027;,</subfield>
    <subfield code="c">2020.09</subfield>
  </datafield>
  <datafield tag="300" ind1=" " ind2=" ">
    <subfield code="a">287 &#x9762; :</subfield>
    <subfield code="b">&#x5716;, &#x8868; ;</subfield>
    <subfield code="c">23 &#x516C;&#x5206;</subfield>
  </datafield>
  <datafield tag="490" ind1="0" ind2=" ">
    <subfield code="a">issue ;</subfield>
    <subfield code="v">18.</subfield>
  </datafield>
  <datafield tag="500" ind1=" " ind2=" ">
    <subfield code="a">&#x9644;&#x9304; : &#x5152;&#x7AE5;&#x767C;&#x5C55;&#x5C08;&#x696D;&#x8CC7;&#x6E90;</subfield>
  </datafield>
  <datafield tag="942" ind1=" " ind2=" ">
    <subfield code="2">ccl</subfield>
    <subfield code="c">BOOK</subfield>
  </datafield>
  <datafield tag="952" ind1=" " ind2=" ">
    <subfield code="0">0</subfield>
    <subfield code="1">0</subfield>
    <subfield code="2">ccl</subfield>
    <subfield code="4">0</subfield>
    <subfield code="7">0</subfield>
    <subfield code="a">yeezen</subfield>
    <subfield code="b">yeezen</subfield>
    <subfield code="d">2020-11-10</subfield>
    <subfield code="l">31</subfield>
    <subfield code="m">11</subfield>
    <subfield code="o">428.8</subfield>
    <subfield code="p">C02759</subfield>
    <subfield code="q">2026-04-30</subfield>
    <subfield code="r">2026-04-02 00:00:00</subfield>
    <subfield code="s">2026-04-02</subfield>
    <subfield code="w">2020-11-10</subfield>
    <subfield code="y">BOOK</subfield>
    <subfield code="z">&#x9802;&#x5634;&#x3001;&#x54ED;&#x9B27;&#x3001;&#x5927;&#x5BF6;&#x6253;&#x4E8C;&#x5BF6;&#x3001;&#x6311;&#x98DF;&#x3001;&#x4F9D;&#x8CF4;&#x5927;&#x4EBA;&#x3001;&#x884C;&#x70BA;&#x9000;&#x5316;&#x3001;&#x7F3A;&#x4E4F;&#x6210;&#x5C31;&#x52D5;&#x6A5F;&#x2026;&#x2026; &#x5B69;&#x5B50;&#x7E3D;&#x662F;&#x8B1B;&#x4E0D;&#x807D;&#x53C8;&#x5F88;&#x76E7;&#xFF1F; &#x7238;&#x5ABD;&#x518D;&#x4E5F;&#x4E0D;&#x7528;&#x5FCD;&#x6C23;&#x541E;&#x8072;&#xFF01;&#x7B2C;&#x4E00;&#x672C;&#x5C08;&#x70BA;&#x81FA;&#x7063;&#x7236;&#x6BCD;&#x6240;&#x5BEB;  &#x514D;&#x7206;&#x6C23;&#x89AA;&#x5B50;&#x5C0D;&#x8A71;&#x7BC4;&#x672C;&#xFF01;</subfield>
  </datafield>
</record>
